000
00247nam a2200097Ia 4500
008
170620s9999 xx 000 0 und d
100
_a
Tyagi
245
0
_a
Shiksha ke Darshnik evam Samajik Adhar (Hindi)
260
_b
Agra- Vinod Pustak Mandir
260
_c
2001
300
_a
330
999
_c
23553
_d
23553